<?xml version="1.0" encoding="UTF-8"?>
<record
    xmlns:xsi="http://www.w3.org/2001/XMLSchema-instance"
    xsi:schemaLocation="http://www.loc.gov/MARC21/slim http://www.loc.gov/standards/marcxml/schema/MARC21slim.xsd"
    xmlns="http://www.loc.gov/MARC21/slim">

  <leader>00690nam a2200193 a 4500</leader>
  <controlfield tag="001">2544</controlfield>
  <controlfield tag="003">CDMR</controlfield>
  <controlfield tag="005">20130711143341.0</controlfield>
  <controlfield tag="008">130130s2000||||sp |||||||||||||||||||||d</controlfield>
  <datafield tag="040" ind1=" " ind2=" ">
    <subfield code="a">CDMR</subfield>
    <subfield code="b">cat</subfield>
    <subfield code="c">CPC LLEIDA</subfield>
  </datafield>
  <datafield tag="111" ind1="2" ind2=" ">
    <subfield code="a">Congr&#xE9;s de R&#xE0;dio Municipal</subfield>
    <subfield code="9">1910</subfield>
    <subfield code="c">Barcelona</subfield>
    <subfield code="d">2000</subfield>
    <subfield code="n">1r</subfield>
  </datafield>
  <datafield tag="245" ind1="1" ind2="4">
    <subfield code="a">Les r&#xE0;dios municipals en el llindar del 2000</subfield>
    <subfield code="c">: Congr&#xE8;s de R&#xE0;dio Municipal : Barcelona, 4, 5 i 6 de febrer del 2000</subfield>
  </datafield>
  <datafield tag="260" ind1=" " ind2=" ">
    <subfield code="a">Barcelona</subfield>
    <subfield code="c">2000</subfield>
    <subfield code="b">Federaci&#xF3; d'Organismes i Entitats de R&#xE0;dios Locals</subfield>
  </datafield>
  <datafield tag="300" ind1=" " ind2=" ">
    <subfield code="a">371 p.</subfield>
  </datafield>
  <datafield tag="500" ind1=" " ind2=" ">
    <subfield code="a">Textos en catal&#xE0; i castell&#xE0;</subfield>
  </datafield>
  <datafield tag="650" ind1="0" ind2="4">
    <subfield code="9">3756</subfield>
    <subfield code="a">R&#xE0;dio local</subfield>
    <subfield code="v">Congressos</subfield>
    <subfield code="z">Catalunya</subfield>
  </datafield>
  <datafield tag="650" ind1="0" ind2="4">
    <subfield code="9">3109</subfield>
    <subfield code="a">R&#xE0;dio p&#xFA;blica</subfield>
  </datafield>
  <datafield tag="942" ind1=" " ind2=" ">
    <subfield code="c">MON</subfield>
    <subfield code="2">udc</subfield>
  </datafield>
  <datafield tag="999" ind1=" " ind2=" ">
    <subfield code="c">2544</subfield>
    <subfield code="d">2544</subfield>
  </datafield>
  <datafield tag="952" ind1=" " ind2=" ">
    <subfield code="0">0</subfield>
    <subfield code="1">0</subfield>
    <subfield code="4">0</subfield>
    <subfield code="7">0</subfield>
    <subfield code="a">LLEIDA</subfield>
    <subfield code="b">LLEIDA</subfield>
    <subfield code="d">2011-07-20</subfield>
    <subfield code="l">0</subfield>
    <subfield code="o">4RAD</subfield>
    <subfield code="p">LLEIDA1312613853</subfield>
    <subfield code="r">2013-01-16</subfield>
    <subfield code="w">2013-01-16</subfield>
    <subfield code="y">MON</subfield>
  </datafield>
  <datafield tag="952" ind1=" " ind2=" ">
    <subfield code="0">0</subfield>
    <subfield code="1">0</subfield>
    <subfield code="4">0</subfield>
    <subfield code="7">0</subfield>
    <subfield code="a">CDMR</subfield>
    <subfield code="b">CDMR</subfield>
    <subfield code="d">2013-01-16</subfield>
    <subfield code="l">0</subfield>
    <subfield code="o">Bc</subfield>
    <subfield code="p">CDMR13056442</subfield>
    <subfield code="r">2013-01-16</subfield>
    <subfield code="w">2013-01-16</subfield>
    <subfield code="y">MON</subfield>
  </datafield>
</record>
